000 00307nam a22001337a 4500
008 170401b xxu||||| |||| 00| 0 eng d
020 _a1884254225
041 _aeng
080 _a617
100 _a8
101 _aSHM
245 _aOPHTALMOLOGY IN SMALL ANIMAL PRACTICE
_cGLAZE, M.B
942 _2udc
_cBK
999 _c9356
_d9356